000 01440 a2200205 4500
020 _a0074714813
020 _a9780074714812
090 _c2700
_d2700
100 1 _aLangfield-Smith, Kim.
245 1 0 _aManagement accounting :
_binformation for managing and creating value /
_cKim Langfield-Smith.
250 _a4th ed.
260 _a[S.l.] :
_bMcGraw Hill Higher Education,
_c2005.
300 _a1 v. (unpaged) ;
_c25 cm.
500 _aPaperback.
520 _a"Management Accounting" offers information for managing and creating value. Written by highly respected author team Kim Langfield-Smith and Helen Thorne, "Management Accounting, 4e" explains the contemporary role of management accounting in organisations - supporting a company's quest for creating and enhancing value for its shareholders. This edition retains its strategic approach, a clear writing style, and a wealth of Australian and regional cases. From 2008, this title is also available with Homework Manager - a powerful and flexible assignment and course management tool for lecturers. This text is suitable for the one- or two-semester undergraduate course, as well as the MBA management accounting course.
700 1 _aThorne, Helen.
856 4 0 _3Amazon.com
_uhttp://www.amazon.com/exec/obidos/ASIN/0074714813/chopaconline-20
856 4 0 _3Amazon customer reviews
_uhttp://www.chopac.org/cgi-bin/tools/azrev.pl?q=0074714813
942 _aNBS
_cBK
_k658.1511 LAN
999 _c345191
_d345191